01280nam a2200289 a 4500001001000000005001700010008004100027041000800068044000700076084002000083100004500103245012700148260002800275300001700303500017200320500002500492500008300517500007600600500001000676546002500686650005200711650005600763650003400819650004500853700004200898740005000940BRCA_314520190320204131.0050209s1875----fr-a---###---#000-0dfre-u afre afr a448b.H34c18751 aCervantes Saavedra, Miguel ded1547-161610aL´Ingénieux Hidalgo Don Quichotte de la ManchecMiguel de Cervantes Saavedra ; Traduite et Annotée par Louis Viardot. aParísbHachettec1875 a2 v.c19 cm. aContenido : v 1. Primera parte. Noticia sobre la vida y obra de Cervantes por L. Viardot. Prólogo del autor. Texto. -- v 2. Segunda parte. Prólogo del autor. Texto aEdición : Nouvelle aEdición de surtido de la traducción de Viardot. Rústica Lúdovik Osterc aEstado físico : Encuadernación en papel y forrado en papel encerado aQM993 aTexto en : francés14aNovela españolayÉpoca clásica, 1500-170014aLiteratura españolayÉpoca clásica, 1500-170014aNovela españolaySiglo XVII14aDon Quijote (Personaje ficticio)eNovela1 aViardot, Louisd1800-1883eBiógrafo0 aEl Ingenioso Hidalgo Don Quijote de la Mancha